| 000 | 00350pab a2200145 454500 | ||
|---|---|---|---|
| 008 | 180718b1983 xxu||||| |||| 00| 0 eng d | ||
| 100 | _aRoy, R.C. | ||
| 245 | _aOptimum utilisation of human resources through modern management | ||
| 260 | _c1983 | ||
| 300 | _a23-8 | ||
| 362 | _aOct. | ||
| 650 | _aManpower | ||
| 773 | _aLok Udyog | ||
| 909 | _a13186 | ||
| 999 |
_c13186 _d13186 |
||